Dogmática de la acción y praxis penal

Tallennettuna:
Bibliografiset tiedot
Päätekijä: Aller Maisonnave, Germán Alberto (Tekijä)
Aineistotyyppi: Kirja
Kieli:espanja
Julkaistu: Montevideo B de F 2009
Aiheet:
Tagit: Lisää tagi
Ei tageja, Lisää ensimmäinen tagi!

MARC

LEADER 00000nam a2200000 a 4500
001 UCG4736
003 CL-VaPUC
008 101125e20090000uy |||||||||||||||||spa|d
020 |a 9789974676169 
082 0 4 |a 345.05  |b ALL  |2 21 
100 0 |a Aller Maisonnave, Germán Alberto  |e author  |9 554181 
245 1 0 |a Dogmática de la acción y praxis penal 
300 |a 235 p 
942 |c BK 
945 |d 20101125 00:00:00  |a mfarfan 
260 |a Montevideo  |b B de F  |c 2009 
650 0 |a Procedimiento penal  |9 254974 
650 7 |a DERECHO PENAL  |2 CL-VaPUC  |9 11 
650 7 |a IMPUTACION  |2 CL-VaPUC  |9 398298 
583 |a last modification  |c 20150430 03:55:47  |k Rodrigo Vera 
999 |c 343385  |d 343383 
952 |0 0  |1 0  |4 0  |6 345_050000000000000_ALL_2009  |7 0  |8 A  |9 440671  |a BIBDER  |b BIBDER  |d 2019-11-22  |i 4738012  |o 345.05 ALL 2009  |p 4738012  |r 2019-11-22  |w 2019-11-22  |y BK  |k DER